| 000 | 00813nam a2200265Ia 4500 | ||
|---|---|---|---|
| 003 | OSt | ||
| 005 | 20220924124034.0 | ||
| 006 | a|||||r|||| 00| 0 | ||
| 007 | ta | ||
| 008 | 220923b |||||||| |||| 00| 0 urd d | ||
| 020 | _a9788180421853 (hbk) | ||
| 020 | _c750 | ||
| 024 | _a250758 | ||
| 037 |
_b5886/2, 01/01/2011, Modern Publishing House _cTextual |
||
| 040 |
_aARTS _cARTS _burd |
||
| 041 |
_2urd _aurd |
||
| 082 | _aO168,6NNA:g, Q0 | ||
| 100 |
_aNasheet Syed Harf Au. _9194606 |
||
| 245 | 0 | _aHarf harf motabar | |
| 260 |
_aNew Delhi _b Modern Publishing House India _c2010 |
||
| 300 |
_a180p. _ccm. |
||
| 650 |
_aURDU PROSE _926866 |
||
| 942 |
_hO168,6NNA:g, Q0 _cTEXL _2CC |
||
| 999 |
_c418120 _d418120 |
||